000
00340nam a2200145Ia 4500
008
191201s2009 xx 000 0 und d
082
_a
658
_b
PAG
100
_a
PARKINSON,C. Northcote
245
0
_a
Great Ideas in Management
250
_a
Rep
260
_a
N. Delhi
_b
Vision Book
_c
2009
300
_a
214
650
_a
BBA
942
_2
ddc
_c
BK
999
_c
4481
_d
4481